Pakistan Engineering congress, 71st annual session Proceedings 2006-2011 Volume - 71 (Part-1) (Record no. 64794)
[ view plain ]
| 000 -LEADER | |
|---|---|
| fixed length control field | 00529nam a22001817a 4500 |
| 003 - CONTROL NUMBER IDENTIFIER | |
| control field | NUST - PNEC |
| 005 - DATE AND TIME OF LATEST TRANSACTION | |
| control field | 20170116180856.0 |
| 008 - FIXED-LENGTH DATA ELEMENTS--GENERAL INFORMATION | |
| fixed length control field | 150829b xxu||||| |||| 00| 0 eng d |
| 020 ## - INTERNATIONAL STANDARD BOOK NUMBER | |
| International Standard Book Number | 9789696030041 |
| 040 ## - CATALOGING SOURCE | |
| Transcribing agency | LIBRARY |
| 082 ## - DEWEY DECIMAL CLASSIFICATION NUMBER | |
| Classification number | 620.005 ZAI |
| 100 ## - MAIN ENTRY--PERSONAL NAME | |
| 9 (RLIN) | 5979 |
| Personal name | Ali Zaidi, Syed Mansoob. |
| 245 ## - TITLE STATEMENT | |
| Title | Pakistan Engineering congress, 71st annual session Proceedings 2006-2011 Volume - 71 (Part-1) |
| Statement of responsibility, etc. | Engr. Syed Mansoob Ali Zaidi |
| 260 ## - PUBLICATION, DISTRIBUTION, ETC. | |
| Date of publication, distribution, etc. | c. 2011 |
| 650 ## - SUBJECT ADDED ENTRY--TOPICAL TERM | |
| 9 (RLIN) | 5980 |
| Topical term or geographic name entry element | Engineering |
| 651 ## - SUBJECT ADDED ENTRY--GEOGRAPHIC NAME | |
| General subdivision | ME |
| 942 ## - ADDED ENTRY ELEMENTS (KOHA) | |
| Source of classification or shelving scheme | |
| Koha item type | Book |
| Withdrawn status | Lost status | Source of classification or shelving scheme | Damaged status | Not for loan | Permanent Location | Current Location | Shelving location | Date acquired | Source of acquisition | Total Checkouts | Full call number | Barcode | Date last seen | Price effective from | Koha item type |
|---|---|---|---|---|---|---|---|---|---|---|---|---|---|---|---|
| Pakistan Navy Engineering College (PNEC) | Pakistan Navy Engineering College (PNEC) | 08/29/2015 | - | 620.005 ZAI | PNECLIB-031138 | 08/29/2015 | Book | ||||||||
| Pakistan Navy Engineering College (PNEC) | Pakistan Navy Engineering College (PNEC) | 08/29/2015 | - | 620.005 ZAI | PNECLIB-031139 | 08/29/2015 | Book |
